Political attitudes and political participation: A panel study on socialization and self-selection effects among late adolescents (Record no. 95956)

000 -LEADER
fixed length control field 00517pab a2200169 454500
008 - FIXED-LENGTH DATA ELEMENTS--GENERAL INFORMATION
fixed length control field 180718b2012 xxu||||| |||| 00| 0 eng d
100 ## - MAIN ENTRY--PERSONAL NAME
Personal name Quintelier, Ellen
245 ## - TITLE STATEMENT
Title Political attitudes and political participation: A panel study on socialization and self-selection effects among late adolescents
260 ## - PUBLICATION, DISTRIBUTION, ETC.
Date of publication, distribution, etc. 2012
300 ## - PHYSICAL DESCRIPTION
Extent p.63-81.
362 ## - DATES OF PUBLICATION AND/OR SEQUENTIAL DESIGNATION
Dates of publication and/or sequential designation Jan
650 ## - SUBJECT ADDED ENTRY--TOPICAL TERM
Topical term or geographic name entry element Political participation
700 ## - ADDED ENTRY--PERSONAL NAME
Personal name Hooghe, Marc
773 ## - HOST ITEM ENTRY
Main entry heading International Political Science Review
908 ## - PUT COMMAND PARAMETER (RLIN)
Put command parameter N
909 ## -
-- 95956
Holdings
Withdrawn status Lost status Damaged status Not for loan Permanent Location Current Location Date acquired Serial Enumeration / chronology Barcode Date last seen Price effective from Koha item type
        Indian Institute of Public Administration Indian Institute of Public Administration 2018-07-19 Volume no: 33, Issue no: 1 AR96416 2018-07-19 2018-07-19 Articles

Powered by Koha